000 00959nas a2200325 4500
001 BR2012002367
003 BR-BrBNA
005 20231205120403.0
007 ta
008 230509b bl.|||p| |||| 00| 00por d
040 _aBR-BrBNA
_bpor
_cBiblioteca Nacional de Agricultura
041 _a(Pt)
072 _aF03
100 1 _aGuedes, R.S.
100 1 _aAlves, E.U.
100 1 _aGalindo, E.A.
100 1 _aBarrozo, L.M.
245 1 _aEstresse salino e temperaturas na germinação e vigor de sementes de Chorisia glaziovii O. Kuntze
650 _aBARRIGUDA
650 _aÁRVORE ORNAMENTAL
650 _aBOMBACACEAE
650 _aSEMENTE
650 _aGERMINAÇÃO
650 _aTESTE DE VIGOR
650 _aSALINIDADE
650 _aTEMPERATURA
773 0 _tRevista Brasileira de Sementes (Brazil)
_xISSN 0101-3122
_g(Jun 2011), v. 33(2) p. 279-288
_wBR2012002367
909 _a202311
_bLúcia
_c55
_dLúcia Elande
942 _2AGRIS
_n0
_cANA
999 _c218249
_d218249